书目信息 |
| 题名: |
南极天气和气候
|
|
| 作者: | 金 , 特纳 著 ;张占海 译 | |
| 分册: | ||
| 出版信息: | 北京 海洋出版社 2007.07 |
|
| 页数: | 377页 | |
| 开本: | 23cm | |
| 丛书名: | ||
| 单 册: | ||
| 中图分类: | P468.166.1 | |
| 科图分类: | ||
| 主题词: | 气象资料--qi xiang zi liao | |
| 电子资源: | ||
| ISBN: | 978-7-5027-6829-4 | |
| 000 | 01177nam0 2200313 450 | |
| 001 | 012008075729 | |
| 005 | 20080414142108.60 | |
| 010 | @a978-7-5027-6829-4@dCNY80.00 | |
| 100 | @a20080413d2007 em y0chiy0120 ea | |
| 101 | 1 | @achi@ceng |
| 102 | @aCN@b110000 | |
| 105 | @aa a 000yy | |
| 106 | @ar | |
| 200 | 1 | @a南极天气和气候@Anan ji tian qi he qi hou@f(英) J.C.King, J.Turner著@F(ying)J.C.King,J.Turner zhu@g张占海等译@Gzhang zhan hai deng yi |
| 210 | @a北京@c海洋出版社@d2007.07 | |
| 215 | @a377页@c图@d23cm | |
| 312 | @a英文并列题名取自封面 | |
| 314 | @a责任者King, Turner规范汉译姓: 金, 特纳 | |
| 320 | @a有书目 (第345-377页) | |
| 330 | @a本书对南极气象学和气候学作了全面的论述,不仅描述了控制南极的气候,还论及了维系这些气候的天气过程,探讨了南极和全球气候系统之间的关联。 | |
| 500 | 10 | @aAntarctic meteorology and climatology@mChinese |
| 606 | 0 | @a气象资料@Aqi xiang zi liao |
| 607 | @a南极洲@Anan ji zhou@x气象资料 | |
| 690 | @aP468.166.1@v4 | |
| 701 | 1 | @a金@Ajin@g(King, J. C.)@4著 |
| 701 | 1 | @a特纳@Ate na@g(Turner, J.)@4著 |
| 702 | 0 | @a张占海@Azhang zhan hai@4译 |
| 801 | 0 | @aCN@bQSSK@c20080414 |
| 905 | @b291020-21@dP468.166.1@eJ750@f2 | |
| 南极天气和气候/(英) J.C.King, J.Turner著/张占海等译.-北京:海洋出版社,2007.07 |
| 377页:图;23cm |
| ISBN 978-7-5027-6829-4:CNY80.00 |
| 本书对南极气象学和气候学作了全面的论述,不仅描述了控制南极的气候,还论及了维系这些气候的天气过程,探讨了南极和全球气候系统之间的关联。 |
| ● |
| 相关链接 |
|
|
|
正题名:南极天气和气候
索取号:P468.166.1/J750
 
预约/预借
| 序号 | 登录号 | 条形码 | 馆藏地/架位号 | 状态 | 备注 |
| 1 | 291020 | 202910207 | 期刊室512/401自科库 123排1列2层/ [索取号:P468.166.1/J750] | 在馆 | |
| 2 | 291021 | 202910216 | 自科库401/401自科库 128排2列4层/ [索取号:P468.166.1/J750] | 在馆 |